[Event "304th YMCA Summer A"]
[Site "Warsaw"]
[Date "2025.07.02"]
[Round "1"]
[White "Korsun, Wadym"]
[Black "Moskwinski, Marek"]
[Result "1-0"]
[WhiteElo "1922"]
[BlackElo "1894"]
[PlyCount "99"]
[EventDate "2025.07.01"]
[EventType "tourn"]
[EventRounds "1"]
[EventCountry "POL"]
[SourceDate "2025.07.01"]

1. e4 e5 2. Nc3 Nc6 3. g3 Nf6 4. Bg2 Bc5 5. Nge2 d6 6. Na4 Bb6 7. Nxb6 axb6 8.
Nc3 Be6 9. d3 Qd7 10. h3 O-O-O 11. Bg5 h6 12. Bxf6 gxf6 13. Qd2 f5 14. O-O-O
fxe4 15. dxe4 f5 16. f4 exf4 17. exf5 Bxf5 18. Qxf4 Rdf8 19. Qa4 Kb8 20. Rdf1
Bg6 21. g4 Be8 22. Qe4 Qe7 23. Qxe7 Nxe7 24. Kd2 Kc8 25. Ke3 Bg6 26. Be4 Kd7
27. Rf4 Bxe4 28. Kxe4 Rxf4+ 29. Kxf4 Rf8+ 30. Kg3 Ng6 31. Nd1 Ke6 32. Ne3 Ne5
33. Nf5 Rf6 34. Rf1 c5 35. Kh4 d5 36. Kh5 d4 37. a4 Nc4 38. b3 Ne5 39. Rf2 Nf7
40. Re2+ Kd5 41. Re7 Ng5 42. h4 Nh3 43. Nxh6 Rf2 44. g5 Rxc2 45. g6 Nf4+ 46.
Kg5 Ne6+ 47. Kf6 Rf2+ 48. Nf5 Nf8 49. g7 Nh7+ 50. Kg6 1-0

[Event "304th YMCA Summer A"]
[Site "Warsaw"]
[Date "2025.07.02"]
[Round "1"]
[White "Pajak, Jakub"]
[Black "Kadzinski, Wieslaw"]
[Result "1-0"]
[WhiteElo "1921"]
[BlackElo "1976"]
[PlyCount "51"]
[EventDate "2025.07.01"]
[EventType "tourn"]
[EventRounds "1"]
[EventCountry "POL"]
[SourceDate "2025.07.01"]

1. e4 e5 2. Nc3 Nf6 3. Bc4 Nxe4 4. Bxf7+ Kxf7 5. Nxe4 d5 6. Qf3+ Kg8 7. Ng5 Qd7
8. Ne2 c6 9. d4 h6 10. Nh3 e4 11. Qb3 Kh7 12. O-O Bd6 13. Bf4 Rf8 14. f3 Bxf4
15. Nhxf4 g5 16. Nh5 e3 17. Qxe3 Qf7 18. Neg3 Na6 19. Rae1 Bf5 20. Nxf5 Qxf5
21. g4 Qg6 22. Qb3 Rf7 23. Re3 b5 24. Rfe1 Nc7 25. Re7 Raf8 26. Ng3 1-0

[Event "304th YMCA Summer A"]
[Site "Warsaw"]
[Date "2025.07.02"]
[Round "1"]
[White "Kasperkiewicz, Pawel"]
[Black "Jarzebowski, Kacper"]
[Result "1-0"]
[WhiteElo "1903"]
[BlackElo "2079"]
[PlyCount "155"]
[EventDate "2025.07.01"]
[EventType "tourn"]
[EventRounds "1"]
[EventCountry "POL"]
[SourceDate "2025.07.01"]

1. e4 c6 2. d4 d5 3. e5 c5 4. dxc5 Nc6 5. Bb5 e6 6. Be3 Nge7 7. c3 Bd7 8. Nf3
Nxe5 9. Nxe5 Bxb5 10. Na3 Bc6 11. O-O Ng6 12. Nxc6 bxc6 13. Qa4 Qc7 14. c4 Be7
15. cxd5 exd5 16. Bd4 O-O 17. Rfe1 Rfe8 18. Nc2 Bf8 19. Nb4 Rec8 20. Nd3 Qd7
21. Ne5 Nxe5 22. Rxe5 Rcb8 23. Rc1 Rb5 24. Qc2 Re8 25. Rxe8 Qxe8 26. Qd2 Qb8
27. h3 h6 28. b3 a5 29. Rb1 a4 30. Qc3 Rb4 31. Rb2 g6 32. Rb1 Qb5 33. g3 h5 34.
Qe3 Qb8 35. Kg2 Bg7 36. Bxg7 Kxg7 37. Qc3+ d4 38. Qd3 Qe5 39. Rc1 axb3 40. axb3
Qd5+ 41. Qf3 Qe6 42. Rb1 Rb8 43. b4 Rd8 44. Rd1 Rd5 45. Rd3 f5 46. Rd2 Qe4 47.
Re2 Qxf3+ 48. Kxf3 Kf6 49. Ra2 Ke5 50. Re2+ Kf6 51. Ra2 Re5 52. Ra8 Ke7 53. Rc8
Kd7 54. Ra8 d3 55. Ra2 Re4 56. Rd2 Rxb4 57. Rxd3+ Kc7 58. Rd6 Rc4 59. Rxg6 Rxc5
60. Kf4 Rd5 61. Rg5 Kd6 62. Rxf5 Rd1 63. Rxh5 c5 64. Rh8 Re1 65. Rc8 Kd5 66. h4
Kd4 67. h5 c4 68. g4 c3 69. h6 Rh1 70. g5 Kd3 71. Kf5 c2 72. Kg6 c1=Q 73. Rxc1
Rxc1 74. h7 Rc8 75. Kg7 Ke4 76. h8=Q Rxh8 77. Kxh8 Kf5 78. f4 1-0

[Event "304th YMCA Summer A"]
[Site "Warsaw"]
[Date "2025.07.02"]
[Round "1"]
[White "Malicki, Jan"]
[Black "Lewandrowski, Tomasz"]
[Result "0-1"]
[WhiteElo "1858"]
[BlackElo "1966"]
[PlyCount "166"]
[EventDate "2025.07.01"]
[EventType "tourn"]
[EventRounds "1"]
[EventCountry "POL"]
[SourceDate "2025.07.01"]

1. d4 Nf6 2. Nf3 e6 3. c4 d5 4. g3 Bb4+ 5. Bd2 Be7 6. Bg2 O-O 7. O-O dxc4 8.
Qa4 Ne4 9. Qxc4 Nxd2 10. Nbxd2 Nd7 11. Rac1 c6 12. Rfd1 Nf6 13. e4 Qb6 14. Qc2
Rd8 15. Nc4 Qc7 16. a3 a5 17. Nce5 Bd6 18. Nxf7 Qxf7 19. e5 Bf8 20. exf6 gxf6
21. Qe4 Bd7 22. Re1 Re8 23. Re2 Qg6 24. Rce1 Qxe4 25. Rxe4 a4 26. Bh3 Kf7 27.
Bg4 Ra5 28. R4e2 Rd5 29. Nh4 Re7 30. Nf3 h5 31. Bh3 Re8 32. Bg2 Rb5 33. Bf1 Rb3
34. Bg2 Bh6 35. Nd2 Rxb2 36. Nc4 Rxe2 37. Rxe2 Bf8 38. Nb6 Rd8 39. Nxa4 Bxa3
40. Bf3 h4 41. Ra2 Bf8 42. Nb6 hxg3 43. hxg3 Ke7 44. Ra7 Rb8 45. Kg2 Be8 46.
Be2 Kd6 47. Nc4+ Kd5 48. Na5 b5 49. Bf3+ Kxd4 50. Bxc6 b4 51. Bxe8 Rxe8 52. Rf7
f5 53. Rd7+ Kc3 54. Rc7+ Kd3 55. Rd7+ Kc2 56. Rc7+ Kb1 57. Rb7 Ka2 58. Rb6 Ra8
59. Nc4 Rc8 60. Ra6+ Kb1 61. Na5 e5 62. Rf6 Bc5 63. Rxf5 Bd4 64. g4 Kc2 65. Rf3
e4 66. Rf4 Kd3 67. Nb3 Bb2 68. g5 Rc3 69. g6 Rxb3 70. Rf7 Ra3 71. g7 Bxg7 72.
Rxg7 Ra2 73. Rd7+ Kc3 74. Rc7+ Kd2 75. Rb7 Kc3 76. Rc7+ Kb2 77. Rc4 e3 78.
Rxb4+ Kc3 79. Rf4 e2 80. Re4 Kd3 81. Re7 Ra1 82. Rd7+ Kc4 83. Rc7+ Kd5 0-1

[Event "304th YMCA Summer A"]
[Site "Warsaw"]
[Date "2025.07.03"]
[Round "2"]
[White "Moskwinski, Marek"]
[Black "Lewandrowski, Tomasz"]
[Result "0-1"]
[WhiteElo "1894"]
[BlackElo "1966"]
[PlyCount "70"]
[EventDate "2025.07.01"]
[EventType "tourn"]
[EventRounds "1"]
[EventCountry "POL"]
[SourceDate "2025.07.01"]

1. e4 c5 2. Nf3 Nc6 3. d4 cxd4 4. Nxd4 e5 5. Nb5 d6 6. N1c3 a6 7. Na3 Be7 8.
Nc4 b5 9. Ne3 Nf6 10. Bd3 Nb4 11. O-O Nxd3 12. Qxd3 O-O 13. Ncd5 Nxd5 14. Nxd5
Be6 15. a4 Bxd5 16. Qxd5 b4 17. Bd2 Rb8 18. Rfc1 Qb6 19. Be3 Qb7 20. Qxb7 Rxb7
21. a5 Rb5 22. Bb6 Rc8 23. c4 bxc3 24. Rxc3 Rxc3 25. bxc3 Kf8 26. g3 Ke8 27.
Rd1 Rb3 28. Rd3 Ra3 29. Kg2 Kd7 30. Kf3 Ke6 31. Ke3 f5 32. exf5+ Kxf5 33. f4
Ra2 34. fxe5 dxe5 35. Rd7 Bg5+ 0-1

[Event "304th YMCA Summer A"]
[Site "Warsaw"]
[Date "2025.07.03"]
[Round "2"]
[White "Jarzebowski, Kacper"]
[Black "Malicki, Jan"]
[Result "1-0"]
[WhiteElo "2079"]
[BlackElo "1858"]
[PlyCount "105"]
[EventDate "2025.07.01"]
[EventType "tourn"]
[EventRounds "1"]
[EventCountry "POL"]
[SourceDate "2025.07.01"]

1. c4 Nf6 2. Nf3 g6 3. Nc3 c5 4. g3 Bg7 5. Bg2 O-O 6. O-O Nc6 7. a3 d5 8. cxd5
Nxd5 9. Nxd5 Qxd5 10. d3 Qd6 11. Bf4 e5 12. Be3 b6 13. Qa4 Bb7 14. Nd2 Qc7 15.
b4 Nd4 16. Bxd4 Bxg2 17. Kxg2 Qb7+ 18. e4 cxd4 19. b5 Rfc8 20. Nc4 Rc5 21. Qb3
Qd7 22. a4 Bh6 23. Ra2 Rac8 24. Rc2 Kh8 25. Qb4 f5 26. f3 Be3 27. Rb1 f4 28. a5
g5 29. g4 h5 30. h3 hxg4 31. hxg4 Kg7 32. axb6 axb6 33. Ra2 Qe6 34. Ra7+ Kg6
35. Rba1 Rxc4 36. dxc4 d3 37. Re7 Qf6 38. Rd7 Bc5 39. Qd2 Bd4 40. Qxd3 Bxa1 41.
Rd6 Bd4 42. Rxd4 Re8 43. Rd7 Re7 44. Rd6 Re6 45. Rd8 Qf7 46. Qd5 Re7 47. Rd6+
Kg7 48. Rxb6 Qxd5 49. exd5 e4 50. fxe4 Rxe4 51. Rc6 Re2+ 52. Kf3 Re3+ 53. Kf2
1-0

[Event "304th YMCA Summer A"]
[Site "Warsaw"]
[Date "2025.07.04"]
[Round "2"]
[White "Kadzinski, Wieslaw"]
[Black "Kasperkiewicz, Pawel"]
[Result "1/2-1/2"]
[WhiteElo "1976"]
[BlackElo "1903"]
[PlyCount "69"]
[EventDate "2025.07.01"]
[EventType "tourn"]
[EventRounds "1"]
[EventCountry "POL"]
[SourceDate "2025.07.01"]

1. e4 e6 2. d4 d5 3. Nc3 Nf6 4. Bg5 dxe4 5. Nxe4 Be7 6. Bxf6 gxf6 7. Nf3 a6 8.
Bd3 f5 9. Ng3 c5 10. dxc5 Bxc5 11. Qe2 O-O 12. O-O-O Qf6 13. Ne5 Nc6 14. f4
Nxe5 15. fxe5 Qh6+ 16. Kb1 b5 17. Nh5 Kh8 18. Rhe1 Bb7 19. g4 Rg8 20. Nf6 fxg4
21. Bxh7 Bf3 22. Qd3 Bxd1 23. Bxg8 Be7 24. Bxf7 Rd8 25. Qc3 Qxh2 26. Bxe6 Bb4
27. Qc7 Qxc2+ 28. Qxc2 Bxc2+ 29. Kxc2 Bxe1 30. Bxg4 Bh4 31. Nd7 Rg8 32. Bh3 Rg3
33. Bf5 Kg7 34. Be6 Re3 35. Bd5 $11 1/2-1/2

[Event "304th YMCA Summer A"]
[Site "Warsaw"]
[Date "2025.07.04"]
[Round "2"]
[White "Korsun, Wadym"]
[Black "Pajak, Jakub"]
[Result "1-0"]
[WhiteElo "1922"]
[BlackElo "1921"]
[PlyCount "117"]
[EventDate "2025.07.01"]
[EventType "tourn"]
[EventRounds "1"]
[EventCountry "POL"]
[SourceDate "2025.07.01"]

1. e4 g6 2. d4 Bg7 3. Nc3 c5 4. Nf3 cxd4 5. Nxd4 Nc6 6. Be3 Nf6 7. f3 O-O 8.
Bc4 Qb6 9. Qd3 Ne5 10. Qe2 Qxb2 11. Kd2 Qb4 12. Bb3 Nc6 13. a3 Qa5 14. Qb5 a6
15. Qxa5 Nxa5 16. Ba2 d6 17. Rab1 Nc6 18. Nxc6 bxc6 19. Rb6 Bd7 20. Rhb1 Rfd8
21. Rb7 d5 22. e5 Nh5 23. Bb6 Bxe5 24. Bxd8 Rxd8 25. g3 Bd6 26. Bb3 Bxa3 27.
Ra1 Bc8 28. Rb6 Bb2 29. Ra2 Bxc3+ 30. Kxc3 c5 31. Rb8 c4 32. Ba4 d4+ 33. Kb4 c3
34. Bc6 Rf8 35. Kc5 Nf6 36. Kxd4 e5+ 37. Kxe5 Kg7 38. Kd4 Bd7 39. Rxf8 Bxc6 40.
Rd8 Bxf3 41. Rxa6 Ng4 42. h4 Nh6 43. Ke3 Bg4 44. Ra3 Nf5+ 45. Kf2 Kf6 46. Rxc3
Ne7 47. Rc7 Be6 48. c4 h6 49. Re8 Nf5 50. c5 g5 51. hxg5+ hxg5 52. c6 Nd6 53.
Rd8 Ke5 54. Re7 Ne4+ 55. Kg2 Nd6 56. c7 Kf6 57. Rxe6+ Kxe6 58. Rxd6+ Kxd6 59.
c8=Q 1-0

[Event "304th YMCA Summer A"]
[Site "Warsaw"]
[Date "2025.07.18"]
[Round "3"]
[White "Pajak, Jakub"]
[Black "Moskwinski, Marek"]
[Result "1/2-1/2"]
[WhiteElo "1921"]
[BlackElo "1894"]
[PlyCount "97"]
[EventDate "2025.07.01"]
[EventType "tourn"]
[EventRounds "1"]
[EventCountry "POL"]
[SourceDate "2025.07.01"]

1. g3 Nf6 2. Bg2 d5 3. c4 e6 4. Nf3 Be7 5. O-O O-O 6. d3 dxc4 7. dxc4 Qxd1 8.
Rxd1 Rd8 9. Rxd8+ Bxd8 10. Nc3 c6 11. Bf4 Be7 12. Rd1 Nbd7 13. Bd6 Kf8 14. e4
Bxd6 15. Rxd6 Ke7 16. Rd1 Ng4 17. h3 Nge5 18. Nxe5 Nxe5 19. b3 f6 20. f4 Nf7
21. Kf2 Bd7 22. Ke3 Rd8 23. Bf3 Bc8 24. Rxd8 Nxd8 25. e5 f5 26. Kd4 Kd7 27. b4
b6 28. h4 Nb7 29. Na4 Nd8 30. Nb2 Bb7 31. Bd1 Ke7 32. Nd3 Kf7 33. a4 Ke7 34. a5
Kd7 35. Ba4 Kc7 36. axb6+ axb6 37. Bd1 Bc8 38. Bf3 Bd7 39. c5 b5 40. Nf2 Nf7
41. Nh3 Kd8 42. Bh5 g6 43. Bd1 h5 44. Bf3 Kc7 45. Ke3 Kd8 46. Ng1 Nh6 47. Ne2
Nf7 48. Nd4 Kc7 49. Kd3 $11 1/2-1/2

[Event "304th YMCA Summer A"]
[Site "Warsaw"]
[Date "2025.07.18"]
[Round "3"]
[White "Kasperkiewicz, Pawel"]
[Black "Korsun, Wadym"]
[Result "1/2-1/2"]
[WhiteElo "1903"]
[BlackElo "1922"]
[PlyCount "54"]
[EventDate "2025.07.01"]
[EventType "tourn"]
[EventRounds "1"]
[EventCountry "POL"]
[SourceDate "2025.07.01"]

1. f4 d5 2. Nf3 Nf6 3. g3 Bf5 4. Bg2 e6 5. O-O c5 6. d3 Nc6 7. Nc3 d4 8. e4
dxe3 9. Bxe3 Be7 10. Nh4 Bg4 11. Qd2 Nd5 12. Nxd5 exd5 13. Nf3 d4 14. Bf2 Qd7
15. Rfe1 O-O 16. Ne5 $11 Nxe5 17. Rxe5 Bd6 18. Re4 Bf5 19. Re2 Rae8 20. Rae1 b6
21. Rxe8 Rxe8 22. Rxe8+ Qxe8 23. Qe1 Qxe1+ 24. Bxe1 c4 25. Bf1 Kf8 26. Kf2 Ke7
27. Ke2 cxd3+ $11 1/2-1/2

[Event "304th YMCA Summer A"]
[Site "Warsaw"]
[Date "2025.07.01"]
[Round "3"]
[White "Malicki, Jan"]
[Black "Kadzinski, Wieslaw"]
[Result "1-0"]
[WhiteElo "1858"]
[BlackElo "1976"]
[PlyCount "65"]
[EventDate "2025.07.01"]
[EventType "tourn"]
[EventRounds "1"]
[EventCountry "POL"]
[SourceDate "2025.07.01"]

1. d4 Nf6 2. Nf3 g6 3. c4 Bg7 4. g3 O-O 5. Bg2 d6 6. O-O Nbd7 7. Nc3 e5 8. d5
a5 9. h3 Nc5 10. Be3 Nfe4 11. Nxe4 Nxe4 12. Qc2 f5 13. Nd2 Nxd2 14. Qxd2 f4 15.
gxf4 exf4 16. Bxf4 Bxb2 17. Bxd6 cxd6 18. Qxb2 Qh4 19. Qc3 Rf4 20. Rac1 Bd7 21.
Qg3 Qf6 22. e3 Rf5 23. f4 Rf8 24. Rf2 Kh8 25. c5 g5 26. fxg5 Qg7 27. Rxf5 Rxf5
28. c6 bxc6 29. dxc6 Bc8 30. Qxd6 Qxg5 31. Qd4+ Kg8 32. Rd1 Rf8 33. Qd5+ 1-0

[Event "304th YMCA Summer A"]
[Site "Warsaw"]
[Date "2025.07.01"]
[Round "3"]
[White "Lewandrowski, Tomasz"]
[Black "Jarzebowski, Kacper"]
[Result "1-0"]
[WhiteElo "1966"]
[BlackElo "2079"]
[PlyCount "65"]
[EventDate "2025.07.01"]
[EventType "tourn"]
[EventRounds "1"]
[EventCountry "POL"]
[SourceDate "2025.07.01"]

1. d4 Nf6 2. c4 e5 3. d5 Bc5 4. Nc3 O-O 5. e3 a5 6. Bd3 d6 7. Nge2 Na6 8. O-O
c6 9. dxc6 bxc6 10. Ng3 d5 11. b3 Bg4 12. Be2 Be6 13. Bb2 Qb8 14. Na4 Be7 15.
Qc1 Nd7 16. f4 exf4 17. exf4 f6 18. Kh1 Nac5 19. Nxc5 Nxc5 20. Ba3 d4 21. Rd1
Rd8 22. Bf3 Qb6 23. Bb2 a4 24. Rb1 axb3 25. axb3 Na6 26. Re1 c5 27. Bxa8 Nb4
28. Be4 f5 29. Nxf5 Bxf5 30. Bxf5 Qf6 31. Be4 Bd6 32. g3 Kh8 33. Qd2 1-0

[Event "304th YMCA Summer A"]
[Site "Warsaw"]
[Date "2025.07.04"]
[Round "4"]
[White "Moskwinski, Marek"]
[Black "Jarzebowski, Kacper"]
[Result "0-1"]
[WhiteElo "1894"]
[BlackElo "2079"]
[PlyCount "60"]
[EventDate "2025.07.01"]
[EventType "tourn"]
[EventRounds "1"]
[EventCountry "POL"]
[SourceDate "2025.07.01"]

1. e4 c5 2. Nf3 a6 3. d4 cxd4 4. Nxd4 Nf6 5. Nc3 e5 6. Nf3 Bb4 7. Bd2 d6 8. Bc4
Qc7 9. Bd5 O-O 10. a3 Bxc3 11. Bxc3 Nc6 12. Qd3 Nxd5 13. Qxd5 Be6 14. Qd2 h6
15. O-O-O Rfd8 16. h3 b5 17. Bb4 d5 18. exd5 Bxd5 19. Qe1 a5 20. Bc5 e4 21. Nd2
Ne5 22. Qe3 Rdc8 23. b4 axb4 24. axb4 Ra1+ 25. Kb2 Ra2+ 26. Kc1 Nc6 27. Nxe4
Nxb4 28. Rxd5 Rxc2+ 29. Kb1 Nxd5 30. Qb3 Rxc5 0-1

[Event "304th YMCA Summer A"]
[Site "Warsaw"]
[Date "2025.07.31"]
[Round "4"]
[White "Kadzinski, Wieslaw"]
[Black "Lewandrowski, Tomasz"]
[Result "0-1"]
[WhiteElo "1976"]
[BlackElo "1966"]
[PlyCount "118"]
[EventDate "2025.07.01"]
[EventType "tourn"]
[EventRounds "1"]
[EventCountry "POL"]
[SourceDate "2025.07.01"]

1. e4 c5 2. d4 cxd4 3. c3 dxc3 4. Nxc3 Nc6 5. Nf3 d6 6. Bc4 a6 7. O-O Nf6 8. e5
dxe5 9. Qxd8+ Nxd8 10. Nxe5 Be6 11. Re1 g6 12. Bg5 Bg7 13. Rad1 O-O 14. Bxf6
Bxf6 15. Nd5 Bxd5 16. Bxd5 Bxe5 17. Rxe5 e6 18. Bf3 Rc8 19. Re3 Nc6 20. h4 Rfd8
21. Rxd8+ Nxd8 22. Rd3 Kf8 23. h5 gxh5 24. Bxh5 Ke7 25. Bf3 Rc1+ 26. Kh2 Rc2
27. Rb3 b5 28. Kg3 f5 29. a4 bxa4 30. Rb4 Kf6 31. Rxa4 Rxb2 32. Rxa6 $11 Rd2
33. Ba8 Nf7 34. f4 Nh8 35. Ra3 Ng6 36. Kf3 h5 37. g3 h4 38. gxh4 Nxh4+ 39. Kg3
Ng6 40. Ra4 Rd3+ 41. Kf2 Rc3 42. Bf3 Nf8 43. Rd4 Ke7 44. Rb4 Nd7 45. Rd4 Nc5
46. Bg2 Kf6 47. Bf3 Rc2+ 48. Kg3 Ke7 49. Bg2 Nb3 50. Rb4 Rc3+ 51. Kh2 Kd6 52.
Rb6+ Ke7 53. Rb4 Re3 54. Kg1 Nc5 55. Kf2 Ra3 56. Rd4 Kf6 57. Bf3 Rc3 58. Kg2
Nd3 59. Bh5 Nxf4+ 0-1

[Event "304th YMCA Summer A"]
[Site "Warsaw"]
[Date "2025.07.24"]
[Round "4"]
[White "Korsun, Wadym"]
[Black "Malicki, Jan"]
[Result "1/2-1/2"]
[WhiteElo "1922"]
[BlackElo "1858"]
[PlyCount "138"]
[EventDate "2025.07.01"]
[EventType "tourn"]
[EventRounds "1"]
[EventCountry "POL"]
[SourceDate "2025.07.01"]

1. e4 c5 2. Nc3 d6 3. g3 g6 4. Bg2 Bg7 5. Nge2 e6 6. O-O Ne7 7. d4 cxd4 8. Nxd4
Nbc6 9. Ndb5 O-O 10. Nxd6 a6 11. Be3 b5 12. f4 Qc7 13. e5 Rd8 14. Qe2 Bd7 15.
Rad1 Rab8 16. g4 Na5 17. Nce4 Nd5 18. Bc1 Nc4 19. Nxc4 bxc4 20. Nd6 c3 21. b3
Bb5 22. Nxb5 axb5 23. Bxd5 exd5 24. Rd3 Bf8 25. Rfd1 Qa7+ 26. Be3 Bc5 27. Bxc5
Qxc5+ 28. Qe3 Qxe3+ 29. Rxe3 d4 30. Red3 Ra8 31. a3 Rxa3 32. Rxc3 dxc3 33.
Rxd8+ Kg7 34. Rd1 Ra2 35. Rc1 Ra7 36. Re1 Rd7 37. Kf2 b4 38. Re2 Rd4 39. Ke3
Rd1 40. Kf3 Kf8 41. h3 Ke7 42. Re4 Rd2 43. Rxb4 Rxc2 44. Rc4 Rc1 45. Ke4 c2 46.
Kd3 Rh1 47. Kxc2 Rxh3 48. g5 h6 49. gxh6 Rxh6 50. Rd4 g5 51. fxg5 Rh5 52. Rg4
Ke6 53. g6 fxg6 54. Rxg6+ Kxe5 55. Rc6 Kd5 56. Rc8 Kd6 57. b4 Rh3 58. Rc3 Rxc3+
59. Kxc3 Kc6 60. Kc4 Kb6 61. b5 Kb7 62. Kc5 Kc7 63. b6+ Kb7 64. Kb5 Kb8 65. Kc4
Kb7 66. Kc5 Kb8 67. Kc6 Kc8 68. b7+ Kb8 69. Kd5 Kxb7 1/2-1/2

[Event "304th YMCA Summer A"]
[Site "Warsaw"]
[Date "2025.07.31"]
[Round "4"]
[White "Pajak, Jakub"]
[Black "Kasperkiewicz, Pawel"]
[Result "1/2-1/2"]
[WhiteElo "1921"]
[BlackElo "1903"]
[PlyCount "103"]
[EventDate "2025.07.01"]
[EventType "tourn"]
[EventRounds "1"]
[EventCountry "POL"]
[SourceDate "2025.07.01"]

1. e4 e6 2. d4 d5 3. Nc3 Nf6 4. Bg5 dxe4 5. Nxe4 Be7 6. Nxf6+ Bxf6 7. Bxf6 Qxf6
8. c3 O-O 9. Qf3 Qxf3 10. Nxf3 Nd7 11. O-O-O c5 12. Bd3 a6 13. Rhe1 b6 14. Be4
Ra7 15. Ne5 cxd4 16. Nc6 Rc7 17. Ne7+ Kh8 18. Nxc8 Rfxc8 19. Rxd4 Nc5 20. Red1
g6 21. Bc2 Kg7 22. a4 Kf6 23. Rd6 Rc6 24. Rxc6 Rxc6 25. b4 Nb7 26. Kb2 Rd6 27.
c4 Ke7 28. Kc3 Rxd1 29. Bxd1 Kd6 30. Bf3 Nd8 31. h4 Nc6 32. h5 a5 33. bxa5 bxa5
34. hxg6 hxg6 35. Bxc6 Kxc6 36. Kd4 Kd6 37. f4 f6 38. g4 Kc6 39. c5 g5 40. fxg5
fxg5 41. Ke5 Kxc5 42. Kxe6 Kb4 43. Kf5 Kxa4 44. Kxg5 Kb4 45. Kh6 a4 46. g5 a3
47. g6 a2 48. g7 a1=Q 49. g8=Q Qh1+ 50. Kg7 Qg2+ 51. Kh8 Qxg8+ 52. Kxg8 1/2-1/2

[Event "304th YMCA Summer A"]
[Site "Warsaw"]
[Date "2025.07.25"]
[Round "5"]
[White "Kasperkiewicz, Pawel"]
[Black "Moskwinski, Marek"]
[Result "0-1"]
[WhiteElo "1903"]
[BlackElo "1894"]
[PlyCount "120"]
[EventDate "2025.07.01"]
[EventType "tourn"]
[EventRounds "1"]
[EventCountry "POL"]
[SourceDate "2025.07.01"]

1. e4 d5 2. exd5 Qxd5 3. Nc3 Qd6 4. d4 Nf6 5. Nf3 g6 6. g3 Bg7 7. Bf4 Qb6 8.
Qd2 O-O 9. O-O-O Bg4 10. Be2 Rd8 11. h3 Bf5 12. Ne5 Nc6 13. Nc4 Qxd4 14. Qe1
Qc5 15. Be3 Nd4 16. Rxd4 Rxd4 17. b4 Qxc4 18. Bxc4 Rxc4 19. g4 Bxc2 20. Kxc2
Nd5 21. Bd2 Bxc3 22. Bxc3 Rxc3+ 23. Kb2 e6 24. Qd2 Rd8 25. Rc1 Rxc1 26. Kxc1
Rd6 27. Qd4 Ra6 28. Kb2 Rb6 29. a3 a5 30. Kc1 axb4 31. axb4 Rxb4 32. Qd3 b5 33.
Qa3 Rc4+ 34. Kd2 Rc3 35. Qa6 b4 36. h4 Rh3 37. h5 gxh5 38. gxh5 Rxh5 39. Qb5
Rf5 40. Ke1 Kg7 41. Qb8 h5 42. Kf1 Ne3+ 43. Kg1 Nd5 44. Qb7 c5 45. Qb5 Nf6 46.
Qb8 Ng4 47. f4 Nf6 48. Qb5 h4 49. Kh2 Nh5 50. Kh3 Nxf4+ 51. Kxh4 Rd5 52. Qb8
Ng6+ 53. Kg3 Rd3+ 54. Kf2 b3 55. Qb5 Rc3 56. Ke2 Rc2+ 57. Kd1 c4 58. Qb6 e5 59.
Qb8 Rg2 60. Qb6 b2 0-1

[Event "304th YMCA Summer A"]
[Site "Warsaw"]
[Date "2025.07.25"]
[Round "5"]
[White "Malicki, Jan"]
[Black "Pajak, Jakub"]
[Result "1/2-1/2"]
[WhiteElo "1858"]
[BlackElo "1921"]
[PlyCount "119"]
[EventDate "2025.07.01"]
[EventType "tourn"]
[EventRounds "1"]
[EventCountry "POL"]
[SourceDate "2025.07.01"]

1. Nf3 g6 2. g3 Bg7 3. Bg2 d6 4. d4 Nd7 5. O-O e5 6. c4 Ne7 7. Nc3 O-O 8. Bg5
f6 9. Bc1 Kh8 10. b3 Ng8 11. Bb2 f5 12. e4 f4 13. h4 exd4 14. Nxd4 Ne5 15. Rb1
g5 16. Nf5 fxg3 17. fxg3 gxh4 18. Nxh4 Rxf1+ 19. Qxf1 Qg5 20. Ne2 Qe3+ 21. Kh1
Bg4 22. Bxe5 Bxe5 23. Bf3 Rf8 24. Kg2 Bxf3+ 25. Nxf3 Qxe4 26. Rc1 Nh6 27. Nc3
Bxc3 28. Rxc3 Ng4 29. Qd3 Qxd3 30. Rxd3 Re8 31. Nd4 a6 32. Rd2 Kg8 33. Kf3 Ne5+
34. Kf4 Kf7 35. Nf5 Kf6 36. Ne3 Ke6 37. Nd5 Rf8+ 38. Ke4 Kd7 39. Rh2 Ng4 40.
Rxh7+ Kd8 41. Rg7 Nf6+ 42. Nxf6 Rxf6 43. Ke3 Re6+ 44. Kf2 b5 45. cxb5 axb5 46.
g4 d5 47. Rg5 c6 48. Rg8+ Kc7 49. g5 Kd6 50. g6 Kc5 51. g7 Rg6 52. Ke3 Kb4 53.
Rc8 Rxg7 54. Rxc6 Rg2 55. a4 bxa4 56. bxa4 Kxa4 57. Rc5 Rg5 58. Kd4 Kb4 59.
Rxd5 Rxd5+ 60. Kxd5 1/2-1/2

[Event "304th YMCA Summer A"]
[Site "Warsaw"]
[Date "2025.07.17"]
[Round "5"]
[White "Lewandrowski, Tomasz"]
[Black "Korsun, Wadym"]
[Result "1-0"]
[WhiteElo "1966"]
[BlackElo "1922"]
[PlyCount "85"]
[EventDate "2025.07.01"]
[EventType "tourn"]
[EventRounds "1"]
[EventCountry "POL"]
[SourceDate "2025.07.01"]

1. d4 Nf6 2. Nf3 d6 3. e3 g6 4. b3 Bg7 5. Bb2 O-O 6. Be2 c5 7. O-O b6 8. c4 Bb7
9. Nbd2 Nbd7 10. d5 b5 11. e4 bxc4 12. Bxc4 Nb6 13. Re1 Nxc4 14. Nxc4 Re8 15.
Rc1 a5 16. a4 Nd7 17. Bxg7 Kxg7 18. Qd2 f6 19. Re3 Qc7 20. Nh4 Nf8 21. Nf5+ Kh8
22. Rg3 Red8 23. Qh6 e6 24. dxe6 Nxe6 25. Rxg6 Bxe4 26. Rxf6 Bxf5 27. Rxf5 Nd4
28. Rg5 Qe7 29. Rd1 Nxb3 30. h4 Nd4 31. Kh2 Rf8 32. Qxd6 Qxd6+ 33. Nxd6 Rxf2
34. Kg1 Rf4 35. g3 Rf6 36. Rd5 Rf3 37. Kg2 Rg8 38. Ne4 Rf5 39. R1xd4 cxd4 40.
Rxf5 Rd8 41. Kf3 Rb8 42. Rxa5 Rb3+ 43. Kf4 1-0

[Event "304th YMCA Summer A"]
[Site "Warsaw"]
[Date "2025.07.25"]
[Round "5"]
[White "Jarzebowski, Kacper"]
[Black "Kadzinski, Wieslaw"]
[Result "1-0"]
[WhiteElo "2079"]
[BlackElo "1976"]
[PlyCount "93"]
[EventDate "2025.07.01"]
[EventType "tourn"]
[EventRounds "1"]
[EventCountry "POL"]
[SourceDate "2025.07.01"]

1. d4 Nf6 2. c4 g6 3. Nf3 Bg7 4. g3 d6 5. Bg2 O-O 6. O-O c5 7. Nc3 Nc6 8. d5
Na5 9. Qd3 e5 10. e4 Ng4 11. h3 Nh6 12. b3 Qe7 13. Rb1 b6 14. Ng5 f6 15. Ne6
Bxe6 16. dxe6 Qxe6 17. Nb5 Rf7 18. Be3 Rd8 19. Qd2 g5 20. f4 Nc6 21. fxg5 fxg5
22. Bxg5 Rdd7 23. Nc3 Nd4 24. g4 Rxf1+ 25. Rxf1 Nf7 26. Be3 Qg6 27. Nd5 Nd8 28.
Rf5 N8e6 29. Qf2 Rb7 30. Kh2 a6 31. Qh4 Nc6 32. g5 b5 33. Bf1 Ncd4 34. Qg4 Kh8
35. Bd3 b4 36. h4 h5 37. Qh3 Rf7 38. Kh1 a5 39. Qf1 Ra7 40. Qd1 Qe8 41. Nf6
Bxf6 42. Rxf6 Rg7 43. Bf1 Kg8 44. Bh3 Nf4 45. Kh2 Nxh3 46. Kxh3 Qa8 47. Qxh5
$138 1-0

[Event "304th YMCA Summer A"]
[Site "Warsaw"]
[Date "2025.07.30"]
[Round "6"]
[White "Moskwinski, Marek"]
[Black "Kadzinski, Wieslaw"]
[Result "1/2-1/2"]
[WhiteElo "1894"]
[BlackElo "1976"]
[PlyCount "84"]
[EventDate "2025.07.01"]
[EventType "tourn"]
[EventRounds "1"]
[EventCountry "POL"]
[SourceDate "2025.07.01"]

1. e4 e5 2. Nf3 Nc6 3. Bb5 a6 4. Ba4 Nf6 5. O-O Be7 6. Re1 b5 7. Bb3 d6 8. c3
O-O 9. h3 Nb8 10. d4 Nbd7 11. d5 Nb6 12. Nbd2 h6 13. Nf1 Nh7 14. a4 bxa4 15.
Bxa4 Nxa4 16. Rxa4 f5 17. exf5 Bxf5 18. Ng3 Bd7 19. Ra3 Qe8 20. Nd2 Qf7 21.
Nde4 Ng5 22. Bxg5 Bxg5 23. c4 a5 $11 24. Re2 Bf4 25. Rc2 Qg6 26. Qh5 Qh7 27.
Qe2 g6 28. c5 Bf5 29. cxd6 cxd6 30. Rc6 Bxg3 31. fxg3 Bxe4 32. Qxe4 Rf6 33.
Rac3 Qa7+ 34. Kh2 Qb7 35. Rf3 Raf8 36. b3 Kg7 $11 37. Qc4 Qb8 38. Rc7+ R6f7 39.
Rfxf7+ Rxf7 40. Rxf7+ Kxf7 41. Qc6 h5 42. Qd7+ Kf6 $11 1/2-1/2